Learning Resource and Development

The new Filipino-Filipino with English dictionary (Record no. 4683)

MARC details
000 -LEADER
fixed length control field 00677nam a22002177a 4500
005 - DATE AND TIME OF LATEST TRANSACTION
control field 20250709111316.0
008 - FIXED-LENGTH DATA ELEMENTS--GENERAL INFORMATION
fixed length control field 180522t xxu||||| |||| 00| 0 eng d
020 ## - INTERNATIONAL STANDARD BOOK NUMBER
International Standard Book Number 97897103282604
040 ## - CATALOGING SOURCE
Transcribing agency CSPC
082 0# - DEWEY DECIMAL CLASSIFICATION NUMBER
Classification number 499.2113
Item number N420
245 00 - TITLE STATEMENT
Title The new Filipino-Filipino with English dictionary
250 ## - EDITION STATEMENT
Edition statement latest edition
260 ## - PUBLICATION, DISTRIBUTION, ETC.
Place of publication, distribution, etc. Manila :
Name of publisher, distributor, etc. ISP International
Date of publication, distribution, etc. 2007.
300 ## - PHYSICAL DESCRIPTION
Extent ii, 693 pages :
Other physical details images ;
Dimensions 28 cm.
650 10 - SUBJECT ADDED ENTRY--TOPICAL TERM
Topical term or geographic name entry element Filipino language
Form subdivision Dictionaries.
650 10 - SUBJECT ADDED ENTRY--TOPICAL TERM
Topical term or geographic name entry element Filipino language
Form subdivision Dictionaries
General subdivision English.
940 ## - EQUIVALENCE OR CROSS-REFERENCE--UNIFORM TITLE [OBSOLETE] [CAN/MARC only]
Uniform title <a href="123">123</a>
942 ## - ADDED ENTRY ELEMENTS (KOHA)
Koha item type
Source of classification or shelving scheme Dewey Decimal Classification
Holdings
Withdrawn status Lost status Damaged status Use restrictions Not for loan Home library Current library Shelving location Date acquired Total Checkouts Full call number Barcode Date last seen Copy number Price effective from Koha item type Source of classification or shelving scheme
        Not For Loan CAMPUS CSPC CAMPUS CSPC Reference 07/09/2025   GR 499.2113 N420 2007 001023-BUH 07/09/2025 1-1 07/09/2025 Books Dewey Decimal Classification
      Restricted Access Not For Loan Main Library Main Library General Reference Section 05/12/2023   GR 499.2113 N420 2007 08071 05/12/2023 1-2 05/12/2023 Books  
      Restricted Access Not For Loan Main Library Main Library General Reference Section 05/12/2023   GR 499.2113 N420 2007 012313 05/12/2023 2-2 05/12/2023 Books  
          Main Library Main Library General Reference Section 05/12/2023   GNR 499.2113 N420 2012 014399 05/12/2023 1-1 05/12/2023 Books